000 00739nam a2200205Ia 4500
003 GCL
008 140319s9999 xx 000 0 ara d
040 _aGCL /
_cGCL
082 0 4 _a552.2
_bا م
100 1 _aاكاديمية البحث العلمى والتكنولوجيا
245 1 0 _aالملتقى العلمى لتقييم خامات البنتونيت بمنطقة عيون موسى بمحافظة جنوب سيناء /
_cاكاديمية البحث العلمى والتكنولوجيا
300 _a39 ص
490 _a
650 0 4 _aسيناء
650 0 4 _aالصخور البركانية
650 0 4 _aالصخور الرسوبية
650 0 4 _aالبنتونيت
650 0 4 _aعيون موسى
942 _2ddc
_cBK
999 _c40739
_d40739